Normal view
MARC view
Entry Topical Term
001 - CONTROL NUMBER
- control field: 30742
003 - CONTROL NUMBER IDENTIFIER
- control field: OSt
005 - DATE AND TIME OF LATEST TRANSACTION
- control field: 20220421111346.0
008 - FIXED-LENGTH DATA ELEMENTS
- fixed length control field: 220421|| aca||aabn | a|a d
040 ## - CATALOGING SOURCE
- Original cataloging agency: OSt
- Transcribing agency: OSt
150 ## - HEADING--TOPICAL TERM
- Topical term or geographic name entry element: Programming languages (Electronic computers)
670 ## - SOURCE DATA FOUND
- Source citation: Work cat.: (OSt)0: Prettyman, Steve. 30739, Learn PHP 8 :, 2022.